Dummes Quiz - Statistiken

Allgemein
  • Dieses Quiz wurde 566 mal gespielt
  • Das Durchschnittsergebnis liegt bei 8 aus 15
Antwortstatistiken
Hint Antwort % Korrekt
Ein Buchstabe A/B/C/D/E/F/G/H/I/J/K/L/M/N/O/P/Q/R/S/T/U/V/W/Y/X/Z
100%
4+4 8/44
95%
Eine deutsche Großstadt in Bayern München/Augsburg/Nürnberg/Regensburg/Würzburg/Fürth/Erlangen
89%
Stutgart Stuttgart
85%
Eine Zahl aber nicht 1 1
82%
Kalt-? Warm/Heiß
82%
Innen-? Außen
81%
Ein Tier Ein Tier
68%
Ich bin dumm Ich bin dumm
48%
Bautsner Zenv Bautzner Senf/Senf
33%
Snsksk Ksksns
10%
Dkdlsk Ksldkd
10%
Hsnelel Lelensh
10%
Uxvensiwbs Sbwisnevxu
10%
Schokolade Edalokohcs
9%
Keine übereinstimmenden Quizze gefunden
Verteilung der Resultate
Anzahl Personen mit jedem Resultat
Perzentil nach korrekt beantworteten Fragen
Ihre Resultats-Entwicklung
Sie haben dieses Quiz noch nicht gespielt